| 000 | 00889nas a2200289 4500 | ||
|---|---|---|---|
| 001 | BR2011001226 | ||
| 003 | BR-BrBNA | ||
| 005 | 20231205114853.0 | ||
| 007 | ta | ||
| 008 | 230509b bl.|||p| |||| 00| 00por d | ||
| 040 |
_aBR-BrBNA _bpor _cBiblioteca Nacional de Agricultura |
||
| 041 | _a(Pt) | ||
| 072 | _aF30 | ||
| 100 | 1 | _aXavier, T.F. | |
| 100 | 1 | _aCampos, F.L. | |
| 100 | 1 | _aAraújo, A.S.F. de | |
| 100 | 1 | _aSantos, V.B. dos | |
| 245 | 1 | _aComportamento fenotípico em casa-de-vegetação de cultivares de soja na região norte do Piauí | |
| 650 | _aSOJA | ||
| 650 | _aMELHORAMENTO GENÉTICO VEGETAL | ||
| 650 | _aGENÓTIPO | ||
| 650 | _aCOMPORTAMENTO DE VARIEDADE | ||
| 650 | _aPIAUÍ | ||
| 773 | 0 |
_tRevista Caatinga (Brazil) _xISSN 0100-316X _g(Oct-Dec 2008), v. 21(4) p. 223-226 _wBR2011001226 |
|
| 909 |
_a202311 _bLúcia _c55 _dLúcia Elande |
||
| 942 |
_2AGRIS _n0 _cANA |
||
| 999 |
_c210935 _d210935 |
||